Responses for Show #3473 - Wednesday, October 13, 1999

Contestants

[<< previous game]

Rebecca Grayson, a law student from West Windsor, New Jersey

Evan Jones, a retail manager from Chicago, Illinois

Robin Jacobsen, a teacher of global studies from Farmingdale, New York (whose 1-day cash winnings total $6,300)

[next game >>]

Jeopardy! Round responses

"B" IN GEOGRAPHY
HUMAN PARASITES
SPORTS STARS
ORIGINAL BOOK TITLES
THE SEVEN CATHOLIC SACRAMENTS
ANAGRAMMED DISNEY CHARACTERS
    $100 5
Berlin

Evan
    $100 2
Tick

Robin
    $100 10
Larry Bird

Robin
    $100 15
"Catch-22"

Evan
    $100 24
Baptism

Robin
    $100 1
Snow White

Rebecca
    $200 6
Bikini

Robin
    $200 3
Mosquitos

Robin
    $200 11
Arthur Ashe

Robin
    $200 20
"Roots"

Rebecca
    $200 25
Sins

Robin
    $200 16
Pocahontas

Robin
    $300 7
Bering Sea

Rebecca
    $300 4
Leeches

Evan
    $300 12
(Robin: Who was Roger Maris?)

Mickey Mantle

RobinEvan
    $300 21
Leo Tolstoy

Evan
    $300 26
Marriage

Rebecca
    $300 17
Peter Pan

Triple Stumper
    $400 8
Bosnia

Evan
    $400 29
Fungus

Robin
    $400 13
Chicago Bears

Evan
    $400 22
"The Emerald City"

Robin
    $400 27
Altar

Robin
    $400 18
Winnie The Pooh

Triple Stumper
    $800 9
(E: What is...can't think of it!)

Biloxi

Evan
    $500 30
(Rebecca: What are lice?)

Mites

Rebecca
Triple Stumper
    $500 14
Alberto Tomba

Robin
    $500 23
William Faulkner

Triple Stumper
    $500 28
(E: What is last rites?)

Anointing

Evan
Triple Stumper
    $500 19
Donald Duck

Robin

Scores at the first commercial break (after clue 14):

Robin Evan Rebecca
$1,000 $700 $400

Scores at the end of the Jeopardy! Round:

Robin Evan Rebecca
$3,200 $600 $400

Double Jeopardy! Round responses

AMERICAN HISTORY
FOOD & DRINK
ACTRESSES ON TELEVISION
CONTEMPORARIES
ON THE GO
"NAP" TIME
    $200 1
War of 1812

Rebecca
    $200 30
Tea

Robin
    $200 6
Helen Hunt

Evan
    $200 24
Dante Aligheri

Robin
    $200 16
Chicago

Evan
    $200 10
Napkin

Rebecca
    $400 2
Bay of Pigs

Robin
    $400 11
Lemon juice

Rebecca
    $400 7
Family Ties

Robin
    $400 25
Oliver Cromwell

Robin
    $400 20
Barges

Evan
    $400 13
Napa Valley

Rebecca
    $600 3
Thomas Jefferson

Robin
    $600 12
Cocoa butter

Evan
    $600 8
The Fugitive

Evan
    $800 26
Bach & Beethoven

Robin
    $600 21
Dayton, Ohio (same as the bicycle shop)

Triple Stumper
    $600 17
Catnap

Evan
    $800 4
Mobile Bay

Triple Stumper
    $800 14
Gooseberries

Triple Stumper
    $600 9
(E: I don't know.)

Duchess of Windsor (Wallis Warfield)

Evan
    $800 27
Archimedes

Triple Stumper
    $800 22
American Motors (AMC)

Triple Stumper
    $800 18
Indianapolis

Triple Stumper
    $1000 5
(Rebecca: Who was Squanto?)

Massasoit

Rebecca
Triple Stumper
    $1000 15
Radish

Triple Stumper
    $1000 29
(Robin: Who was FDR?)

Dwight D. Eisenhower

RobinRebecca
    $1000 28
Confucius

Rebecca
    $1000 23
"Tom Thumb"

Triple Stumper
    $1000 19
"Kidnapped"

Evan

Scores at the end of the Double Jeopardy! Round:

Robin Evan Rebecca
$5,200 $3,600 $2,600

[wagering suggestions for these scores]

Final Jeopardy! Round responses

THE OSCARS
RebeccaWho is Robert Redford
$2,600
EvanWho is Mel Gibson
$3,500
RobinWho is Kevin Costner?
$2,000
Roberto Benigni (Life Is Beautiful) or Sir Laurence Olivier (Hamlet)

Final scores:

Robin Evan Rebecca
$3,200 $100 $0
2-day champion: $9,500 2nd place: Sony Entertainment System featuring Web TV 3rd place: Bushnell Binoculars

Game dynamics:

Coryat scores:

Robin Evan Rebecca
$5,000 $5,000 $2,600
20 R
(including 1 DD),
2 W
14 R,
3 W
(including 2 DDs)
10 R,
2 W

Combined Coryat: $12,600

[game clues] [game scores] [suggest correction]

Game tape date: 1999-07-28
The J! Archive is created by fans, for fans. Scraping, republication, monetization, and malicious use prohibited; this site may use cookies and collect identifying information. See terms. The Jeopardy! game show and all elements thereof, including but not limited to copyright and trademark thereto, are the property of Jeopardy Productions, Inc. and are protected under law. This website is not affiliated with, sponsored by, or operated by Jeopardy Productions, Inc. Join the discussion at JBoard.tv.